| 000 | 00857nam a2200253 i 4500 | ||
|---|---|---|---|
| 001 | 8418 | ||
| 003 | KOSZ 005 | ||
| 005 | 20200630132818.0 | ||
| 008 | 070926s1968 pl a f 000 0 pol | ||
| 015 | _aPB 1969/1287 | ||
| 040 |
_aWA N _cKOSZ 005/RW _dKOSZ 005/RW |
||
| 080 | _a621.316:621.317 | ||
| 100 | 1 |
_aDzierzbicki, Stanisław _d(1910-1988). |
|
| 245 | 1 | 0 |
_aBadanie aparatów elektrycznych / _cStanisław Dzierzbicki. |
| 260 |
_aWarszawa : _bPaństwowe Wydawnictwo Naukowe, _c1968. |
||
| 300 |
_a277 s. : _bil. ; _c24 cm. |
||
| 380 | _aKsiążki. | ||
| 504 | _aBibliogr. s. [276]-277. | ||
| 650 | 4 |
_aŁączniki _xbadanie. |
|
| 655 | 4 | _aPodręcznik | |
| 710 | 2 |
_aPaństwowe Wydawnictwo Naukowe _4pbl. |
|
| 856 |
_uhttp://koha.tu.koszalin.pl/cgi-bin/koha/opac-detail.pl?biblionumber=8418 _yKatalog online BPK |
||
| 942 |
_2UKD _cKS |
||
| 999 |
_c8418 _d8418 |
||